How to save the planet (Record no. 70783)
[ view plain ]
| 000 -LEADER | |
|---|---|
| fixed length control field | 01164cam a2200301 4500 |
| 001 - CONTROL NUMBER | |
| control field | ABS65721 |
| 008 - FIXED-LENGTH DATA ELEMENTS--GENERAL INFORMATION | |
| fixed length control field | 020722n2002 000 0 eng u |
| 035 ## - SYSTEM CONTROL NUMBER | |
| System control number | (Sirsi) u118962 |
| 100 ## - MAIN ENTRY--PERSONAL NAME | |
| Personal name | Smit, J. |
| 245 ## - TITLE STATEMENT | |
| Title | How to save the planet |
| 260 ## - PUBLICATION, DISTRIBUTION, ETC. | |
| Date of publication, distribution, etc. | 2002 |
| 490 ## - SERIES STATEMENT | |
| Series statement | Housing Today |
| Volume/sequential designation | 11 July 2002, 28-33(6) |
| 520 ## - SUMMARY, ETC. | |
| Summary, etc. | Special feature on sustainable homes and the ways that housing providers are maximising the advantages of energy efficiency. Looks at Black Country Housing's strategy to reduce energy use and use alternative sources of energy such as solar energy; discusses the problem of fuel poverty and how housing providers can tackle this; and argues that environmental interests can be prioritised without putting tenants' needs second. |
| 590 ## - LOCAL NOTE (RLIN) | |
| Local note | ABS |
| 650 ## - SUBJECT ADDED ENTRY--TOPICAL TERM | |
| Topical term or geographic name entry element | ENERGY EFFICIENT HOUSES |
| 650 ## - SUBJECT ADDED ENTRY--TOPICAL TERM | |
| Topical term or geographic name entry element | SUSTAINABLE HOUSING |
| 650 ## - SUBJECT ADDED ENTRY--TOPICAL TERM | |
| Topical term or geographic name entry element | HOUSING ASSOCIATIONS |
| 650 ## - SUBJECT ADDED ENTRY--TOPICAL TERM | |
| Topical term or geographic name entry element | ENERGY USE |
| 650 ## - SUBJECT ADDED ENTRY--TOPICAL TERM | |
| Topical term or geographic name entry element | SOCIAL HOUSING |
| 650 ## - SUBJECT ADDED ENTRY--TOPICAL TERM | |
| Topical term or geographic name entry element | REGISTERED SOCIAL LANDLORDS |
| 650 ## - SUBJECT ADDED ENTRY--TOPICAL TERM | |
| Topical term or geographic name entry element | LOCAL AUTHORITIES |
| 650 ## - SUBJECT ADDED ENTRY--TOPICAL TERM | |
| Topical term or geographic name entry element | SOLAR ENERGY |
| 690 ## - LOCAL SUBJECT ADDED ENTRY--TOPICAL TERM (OCLC, RLIN) | |
| Topical term or geographic name as entry element | HOUSING |
| 700 ## - ADDED ENTRY--PERSONAL NAME | |
| Personal name | Pickles, D. |
| 700 ## - ADDED ENTRY--PERSONAL NAME | |
| Personal name | Gibbs, L. |
| 700 ## - ADDED ENTRY--PERSONAL NAME | |
| Personal name | Baines, R. |
| 942 ## - ADDED ENTRY ELEMENTS (KOHA) | |
| Suppress in OPAC | 0 |
| Withdrawn status | Lost status | Source of classification or shelving scheme | Damaged status | Not for loan | Home library | Current library | Shelving location | Date acquired | Total Checkouts | Full call number | Barcode | Date last seen | Copy number | Price effective from | Koha item type |
|---|---|---|---|---|---|---|---|---|---|---|---|---|---|---|---|
| Dewey Decimal Classification | London | London | Journal article | 22/07/2002 | ABS65721 | 118962-1001 | 06/08/2019 | 1 | 06/08/2019 | Journal article |